Quizzes
Events
Quiz Creation
Community
Videos
Private Events
Remove Ads
Sign In
Join for FREE
Feedback
Dark Mode
Quiz Categories
Sports
Geography
Music
Movies
Television
Just For Fun
Miscellaneous
History
Literature
Language
Science
Gaming
Entertainment
Religion
Holiday
For Kids
Quiz Lab
Recent
Popular Today
Quiz Kudos Today
Editor Picks
Curator Picks
Quizzes by...
Day
Popularity
Type
Ratings
Length
Year
Community
Subscriptions
Recent Discussions
Orange Saloon
Badges
Playlists
Quests
Create
Leaderboards
Showdown
Live 5
Trivia Bingo
Activity
Puzzle Library
Sporcle Events
Private Events
Virtual Trivia
Globe League
Become a Host
Pub Owners
SporcleCon
Opinionation
Our Games
Videos
Blog
Mobile Apps
Partnerships
Remove Ads and Go Orange
Feedback
Sports
Athletes
MLB
NBA
NHL
NFL
Soccer
Sports Teams
WWE
NCAA
Football
Premier League
Basketball
Baseball
Hockey
Golf
Tennis
Cricket
Rugby
Auto Racing
Olympics
World Cup
Sports
Athletes
MLB
NBA
NHL
NFL
Soccer
Sports Teams
WWE
NCAA
Football
Premier League
Basketball
Baseball
Hockey
Golf
Tennis
Cricket
Rugby
Auto Racing
Olympics
World Cup
Random Quiz
Search Sporcle
×
Quiz Lab
Quiz Lab
Sports
Country
Type in answers that appear in a list
Type in answers that appear in a list
Classic
Best Score? Go Orange.
European WWE Pay-Per-View Competitors Stats
Can you name the European-born performers who have wrestled at a WWE pay-per-view?
By
dudemanbearpig
4m
29 Questions
784 Plays
784 Plays
784 Plays
Comments
Comments
Give Quiz Kudos
Give Quiz Kudos
-
- Ratings
hide this ad
Replay
Link that replays current quiz
Next Quiz
Link to next quiz in quiz playlist
You Got
0%
They Got
Avg Score
54%
Avg Friend Score
Upgrade to see
Score Distribution
Jump to the score distribution portion of the page
Score
0/29
Timer
04:00
0
Plays Today
First PPV
Wrestler
% Correct
Survivor Series '09
Sheamus
90.4%
Survivor Series '98
Steven Regal/ William Regal
90.1%
Royal Rumble '14
Alexander Rusev
89.2%
Night of Champions '12
Antonio Cesaro
88.2%
SummerSlam '10
Wade Barrett
86.7%
WrestleMania XXII
Finlay
85.7%
Hell in a Cell '09
Drew McIntyre
83.4%
The Wrestling Classic
Davey Boy Smith
83%
WrestleMania II
Velvet McIntyre
79.2%
WrestleMania I
Andre the Giant
72.3%
The Wrestling Classic
The Dynamite Kid
68.6%
Survivor Series '08
Vladimir Kozlov
65.4%
Royal Rumble '11
Mason Ryan
60.8%
WrestleMania I
Nikolai Volkoff
59.2%
SummerSlam '93
Ludvig Borga
54.6%
First PPV
Wrestler
% Correct
Unforgiven '06
Rory McAllister
52.6%
Unforgiven '06
Robbie McAllister
52.4%
Armageddon '06
Dave Taylor
51.4%
SummerSlam '95
Isaac Yankem/ Fake Diesel/ Kane
50.6%
Survivor Series '13
Aksana
50.5%
The Wrestling Classic
Ivan Putski
47.6%
Extreme Rules '14
Paige
44.5%
WrestleMania II
Bruno Sammartino
39.5%
Night of Champions '08
Katie Lea Burchill
37%
Armageddon '05
Paul Burchill
36.5%
SummerSlam '07
Layla
28.6%
WrestleMania X
Alundra Blayze
18.5%
WrestleMania III
Lord Littlebrook
15.4%
Royal Rumble '91
Kato/ Max Moon
6.6%
Quiz Playlist
Details
Report
Send in Message
Add To Playlist
Classic:
Type in answers that appear in a list
Last Updated: Feb 16, 2017
Quiz Scoreboard
CHALLENGE
Sign Up to Join the Scoreboard
Show All
Scores
Hide
Comments
May contain spoilers
Recently Published
Billboard Blitz: Fleetwood Mac
by CooCooCachoo
Music
15s
Presidents Visiting Landmarks
by Hejman
History
7m
An Introduction to Baseball
by treessimontrees
Sports
5m
More to Explore
Quiz From the Vault
Featured Blog Post
Where Did the Easter Bunny Come From?
hide this ad
You Might Also Like...
Tags
Country Quiz
Europe Quiz
WWE Quiz
birth
competitor
Pay-per-view
Performer
PPV
Wrestled
Wrestlers
Today's Top Quizzes in Sports
Browse Sports
hide this ad
Today's Top Quizzes in Country
Browse Country
Top Contributed Quizzes in Sports
1
Les meilleurs buteurs des matchs entre le PSG et l’OM
2
2022 World Cup Stars
3
FIFA Club World Cup Champions
4
Les entraîneurs de l'OM et du PSG au 21e siècle
5
Criteria MLB: Left Handed Sluggers
6
Name the Premier League winners with different clubs
7
5-to-1: UK Sports Teams
8
AFC Teams Reveal (Wrong Answers Minefield)
9
Players with Multiple 50 Home Run Seasons
10
5-to-1: FBS Animal Nicknames
Explore More
Trending Topics
Disney
Marvel
Crossword
Anime
Harry Potter
NBA
Kpop
NFL
The Office
Pokémon
Puzzle
Song
Country
WWE
Soccer
hide this ad
More By:
dudemanbearpig
Quiz
Plays
Rating
Category
Featured
Created
WWE Royal Rumble Final Four
309,044
4.45
Sports
Dec 1, 2009
Top 50 Females in Harry Potter
137,453
4.67
Literature
May 10, 2012
Top 25 Non-Humans in Harry Potter
68,936
4.83
Literature
Apr 30, 2012
WrestleMania: 5+ in a Row
63,501
4.54
Sports
Apr 3, 2012
Black WWE PPV Competitors
14,899
4.34
Sports
Nov 6, 2011
Go to Creator's Profile
Score Distribution
Quiz Creator Spotlight
dudemanbearpig
Follow
Send a Message
Quizzes Created
-
Created Quiz Play Count
-
More By This Creator
Popular Quizzes Today
1
Find the US States - No Outlines Minefield
2
Find the Countries of Europe - No Outlines Minefield
3
The Countries of the World
4
Find the US States
5
US States
6
Popular People in 1961
7
Risky Map Clicking: Biggest States A-Z
8
Movies - When Are They Set?
More Sports Quizzes
Golden Boy 2019: The 20 nominees
Quiz Lab
Trending Quizzes
Risky Map Clicking: Least Populous States A-Z
1-10 Letter G Words
1-10 Letter F Words
Risky Map Clicking: Next State Alphabetically
Risky Map Clicking: Biggest States A-Z
Recently Updated
Leaping Animals
pecheneg
Reality TV Shows (A-Z)
bhenderson79
Rickey Henderson's Hall of Fame Teammates
pecheneg
Champions League XIs: Arsenal
pecheneg
Quick Pick: Celebrities in WWE's Hall of Fame
aduchscher
A-Z Keypad Blitz II
pecheneg
Multiple Oscar Actors
pecheneg
Mystery Phrase Blitz: Oscar 'Best Actors'
pecheneg
F. Scott Fitzgerald Novels
LTH
Pick 3 Villains
ddd62291
Trending Topics
Marvel
Anime
Disney
Crossword
NBA
Harry Potter
Kpop
The Office
Soccer
Country
NFL
WWE
Song
Puzzle
Pokémon
Your Account Isn't Verified!
In order to create a playlist on Sporcle, you need to verify the email address you used during registration. Go to your
Sporcle Settings
to finish the process.
Report this User
Report this user for behavior that violates our
Community Guidelines
.
Details:
Send Report
Go to the Sporcle.com Mobile Site →
Comments